000
00312nam a22001457a 4500
020
_a
9971-51-211-4
041
_a
ENG
100
_a
Jackson.J.D
245
_a
Classical Electrodynamics
250
_a
Second Edition
260
_a
New York
_b
John Wiley & Sons
_c
1975
300
_a
848
650
_a
GAE
856
_u
GAE
999
_c
679
_d
679